Piłkarz według podpowiedzi #1 - Łatwy - Statystyki

Ogólne statystyki
  • Ten quiz został rozwiązany 168 razy
  • Średni wynik to 14 z 15
Statystyki odpowiedzi
Hint Odpowiedź % Poprawnych
Polska, BVB, Bayern Lewandowski
100%
Argentyna, Barcelona, PSG Messi
99%
Brazylia, Barcelona, PSG Neymar
98%
Manchester United, Real Madryt, Juventus Ronaldo
96%
Egipt, Liverpool Salah
92%
Norwegia, BVB, Manchester City Haaland
91%
Chorwacja, Real Madryt Modric
91%
Niemcy, Bramkarz, Bayern Neuer
91%
Polska, Juventus Szczęsny
91%
Senegal, Liverpool Mane
89%
Polska, Napoli Zieliński
89%
Walia, Golf, Real Madryt Bale
87%
Hiszpania, Real Madryt, PSG, Obrońca Ramos
86%
Belgia, Manchester City, Pomocnik De Bruyne
85%
Francja, Leicester, Chelsea, Defensywny Pomocnik Kante
74%
Nie znaleziono quizów pasujących do podanych kryteriów
Rozkład punktacji
Procent ludzi z każdym wynikiem
Percentyl według liczby udzielonych odpowiedzi
Twoja historia wyników
Nie rozwiązałeś tego quizu